Most Populous Cities on Islands - Statistics

General Stats
  • This quiz has been taken 63 times
  • The average score is 16 of 25
Answer Stats
Population Ranking Answer % Correct
41,000,000 2 Tokyo
98%
17,700,000 19 Osaka
96%
29,200,000 5 Jakarta
94%
14,900,000 27 London
94%
27,200,000 6 Manila
90%
9,950,000 46 Taipei
90%
3,150,000 183 Manchester
83%
3,250,000 176 Birmingham
81%
2,225,000 270 Havana
81%
2,500,000 235 Sapporo
77%
4,925,000 113 Colombo
75%
10,500,000 44 Nagoya
71%
3,850,000 143 Santo Domingo
67%
2,225,000 270 Leeds
62%
5,900,000 93 Surabaya
62%
6,950,000 74 Bandung
60%
3,050,000 189 Antananarivo
56%
3,625,000 155 Port-au-Prince
56%
2,825,000 201 Fukuoka
48%
4,200,000 131 Medan
46%
2,750,000 209 Cebu
42%
2,750,000 209 Kaohsiung
29%
2,775,000 208 Taichung
25%
2,675,000 217 Haikou
19%
2,175,000 277 Okayama
6%
No matching quizzes found
Score Distribution
Percent of People with Each Score
Percentile by Number Answered
Your Score History
You have not taken this quiz